| 000 | 00681cam a22002291 4500 | ||
|---|---|---|---|
| 001 | af 47006449 | ||
| 003 | DLC | ||
| 005 | 20260227110837.0 | ||
| 008 | 890622s1943 be b 000 0 dut c | ||
| 010 | _aaf 47006449 | ||
| 035 | _a(OCoLC)19914708 | ||
| 040 |
_aChicago. Univ. Library _cCU _dCU _dDLC |
||
| 042 | _apremarc | ||
| 050 | 0 | 0 |
_aPT6458.V44 _bZ94 |
| 082 | _a839.3225 | ||
| 100 | 1 | _aVerheecke, Marcel. | |
| 245 | 0 | 0 |
_aJacob van Artevelde, _chet dramatisch meesterwerk van Cyriel Verschaeve. |
| 260 |
_aBrugge, _b"Zeemeeuw," _c1943. |
||
| 300 |
_a121 p. _c20 cm. |
||
| 504 | _aBibliographical footnotes. | ||
| 600 | 1 | 0 |
_aVerschaeve, Cyriel, _d1874-1949. _tJacob van Artevelde. |
| 999 |
_c3552 _d3552 |
||